Pays plus grand que la France - Mort Subite - Statistiques

Statistiques générales
  • Ce quiz a été pris 495 fois
  • Le résultat moyen est 2 sur 15
Answers on the Grid
Answers color-coded by a green-red scale on the quiz's grid according to % correct below.
Espagne
Madagascar
Tchad
Philippines
Chili
Italie
Suède
Pakistan
Birmanie
Allemagne
Japon
Maroc
Venezuela
Ukraine
Mali
Ouzbekistan
Zambie
République du Congo
Turquie
Somalie
Thaïlande
Yemen
Pologne
Paraguay
Nigeria
Soudan du Sud
Kenya
Cameroun
 
Statistiques - réponses
Réponse % Correct
Tchad
44%
Madagascar
34%
Pakistan
28%
Turquie
20%
Ukraine
20%
Nigeria
19%
Chili
17%
Venezuela
15%
Birmanie
11%
Mali
10%
Zambie
9%
Kenya
7%
Somalie
5%
Soudan du Sud
5%
Yemen
2%
Aucun quiz correspondant
Distribution des résultats
% des personnes avec chaque résultat
Percentile par nombre de réponses
Votre historique - résultats
Vous n’avez pas pris ce quiz